Bábkové divadlo na Rázcestí Vás pozýva na premiéru hry Kristína Vlachová. Malá čarodejnica ... [pozvánka] : ... 27.3. ...

Bibliographic Details
Corporate Author: Bábkové divadlo na Rázcestí (Author)
Format: Book
Language:Slovak
PhysicalDescription:1 list ([2] s.) ilustr. 10 x 21 cm
Published: Banská Bystrica Bábkové divadlo na Rázcestí [1996]
Subjects:

MARC

LEADER 00000nam a2200000 a 4500
001 vtls001296384
003 SK-MaSNL
005 20260301155537.0
008 240226s1996 xo 000 0 slo
015 |a SNBE1997/04-01810 
035 |a SNK000248210 
035 |a urn:nbn:sk:snk-amkurx 
035 |a urn:nbn:sk:snk-am004fyf 
035 |a DBA8B84C-DBA5-4C46-9689-A08FCD7D9F0C 
040 |a SNK  |b slo  |c SNK  |e AACR2 
041 0 |a slo 
044 |a xo  |c SK 
080 |a 792.9(083.97)  |2 1981 
110 2 |a Bábkové divadlo na Rázcestí  |4 aut 
245 1 0 |a Bábkové divadlo na Rázcestí Vás pozýva na premiéru hry Kristína Vlachová. Malá čarodejnica ...  |b [pozvánka] : ... 27.3. ... 
246 1 0 |a Kristína Vlachová. Malá čarodejnica 
260 |a Banská Bystrica  |b Bábkové divadlo na Rázcestí  |c [1996] 
300 |a 1 list ([2] s.)  |b ilustr.  |c 10 x 21 cm 
610 2 7 |a Bábkové divadlo na Rázcestí  |2 SNK 
630 0 7 |a Malá čarodejnica (divadelná hra)  |2 SNK  |9 519912 
648 7 |a 1996  |2 SNK  |9 283904 
650 0 7 |a divadelné predstavenia  |2 SNK  |9 3328 
650 0 7 |a detské divadelné hry  |2 SNK  |9 519913 
651 7 |a Banská Bystrica (Slovensko)  |2 SNK  |9 22015 
655 7 |a pozvánky  |2 SNK  |9 71913 
999 |c 801489  |d 803419 
952 |t P60, <03>, [BOOK], {603}  |a SNK  |b SNK  |y PREZ  |7 0  |p 17A1162668  |o snkLSE 718  |i snkKSP 8302/97  |0 0  |1 0  |4 0  |d 1997-07-31  |f 1  |l 0  |r 2005-01-02 00:00:00  |w 2026-02-24